000 00611nam a2200193 a 4500
001 000041121
005 20201002034633.0
008 130918s19uu xx 001 0 spa d
040 _aDO-SdBNP
_bspa
_cBNPHU
082 _a928.61
_bN454co
100 1 _aNeruda, Pablo,
_d1904-1973
_99164
245 1 0 _aConfieso que he vivido /
_cPablo Neruda.
260 _a[s.l.] :
_bs. n.,
_c[19--?].
300 _a493 p. ;
_c20 cm.
500 _aIncluye índice de nombres
600 1 4 _aNERUDA, PABLO,
_d1904-1973
_99164
650 4 _aAutores chilenos
_ySIGLO XX
_xBiografías
_929604
910 _aValidado. Controld de calidad MFF
999 _c40611
_d40611